[Event "HUN-chT"]
[Site "HUN"]
[Date "1993.??.??"]
[Round "?"]
[White "Brandics, Jozsef"]
[Black "Zdjelar, Dusan"]
[Result "1/2-1/2"]
[WhiteElo "2385"]
[BlackElo "2300"]

1.d4 d5 2.Bg5 Nf6 3.Bxf6 exf6 4.e3 c6 5.c4 Bb4+ 6.Nc3 O-O 7.Qb3 Bxc3+ 8.bxc3 dxc4
9.Bxc4 Qe7 10.Ne2 Nd7 11.Nf4 Nb6 12.Bd3 f5 13.O-O Rd8 14.c4 Be6 15.a4 g5
16.Nxe6 fxe6 17.a5 Nc8 18.c5 Kg7 19.Rab1 Rb8 20.Qc3 Qf6 21.a6 Rd7 22.Rb3 Rc7
23.f4 g4 24.axb7 Rcxb7 25.Rxb7+ Rxb7 26.Ba6 Rc7 27.Qa5 Qd8 28.Rb1 Qd7 29.h3 gxh3
30.gxh3 Ne7 31.Kf2 Nd5 32.Qe1 Qf7 33.Qg1+ Qg6 34.Qh2 Kf6 35.h4 Qh5 36.Be2 Qe8
37.h5 h6 38.Qh4+ Kg7 39.Rg1+ Kh7 40.Bd3 Rg7 41.Rxg7+ Kxg7 42.e4 fxe4 43.Bxe4 Qf7
44.Qg4+ Kh8 45.Bxd5 exd5 46.Ke3 Qg8 47.Qf5 Qg1+ 48.Kd2 Qg2+ 49.Ke3 Qg1+ 50.Ke2  1/2-1/2

[Event "HUN-chT2"]
[Site "HUN"]
[Date "1993.??.??"]
[Round "?"]
[White "Supolo, Jozsef"]
[Black "Bali, Janos"]
[Result "0-1"]
[WhiteElo "2250"]
[BlackElo "2215"]

1.d4 Nf6 2.Bg5 g6 3.c3 Bg7 4.Nd2 d5 5.Ngf3 O-O 6.Bxf6 exf6 7.h4 h5 8.e3 b6
9.Bd3 Ba6 10.Bxa6 Nxa6 11.Qa4 Qc8 12.O-O c5 13.Rac1 Qb7 14.b4 c4 15.e4 Nc7
16.exd5 b5 17.Qc2 Nxd5 18.Ne4 a5 19.bxa5 Rxa5 20.Rb1 Rfa8 21.Rb2 Qc6 22.Rfb1 Bf8
23.Qd2 Kh7 24.Ng3 Bh6 25.Qc2 Nf4 26.a4 bxa4 27.Rb6 Qd5 28.Ne4 Kg7 29.Rd6 Qf5
30.Rxf6 Qg4 31.Ne1 Nd5 32.Rf3 Re8 33.Nd6 Re7 34.Nxc4 Ra6 35.Ne5 Qxh4 36.c4 Nf6
37.Rd3 Ng4 38.N1f3 Qf6 39.Ra1 Bf4 40.Rxa4 Rxa4 41.Qxa4 Bxe5 42.dxe5 Rxe5
43.Qd1 Ra5 44.Qe2 Qa6 45.Qb2+ Kh7 46.g3 Qa8 47.Qd4 Rf5 48.Qc3 Qa2 49.Qd4 Qb1+
50.Kg2 Qb7 51.Qd7 Qxd7 52.Rxd7 Rxf3 53.Kxf3 Ne5+ 54.Ke4 Nxd7 55.Kd5 g5 56.Kd6 Nb8  0-1

[Event "IRL-ch"]
[Site "?"]
[Date "1993.??.??"]
[Round "3"]
[White "Clarke, Thomas"]
[Black "Greer, Kieran"]
[Result "1-0"]
[WhiteElo "2205"]
[BlackElo "2230"]

1.d4 Nf6 2.Bg5 d5 3.Bxf6 exf6 4.e3 Bf5 5.Bd3 Bxd3 6.Qxd3 c6 7.c4 dxc4 8.Qxc4 Be7
9.Ne2 Nd7 10.Nbc3 O-O 11.O-O Qa5 12.a3 Rad8 13.b4 Qh5 14.Ng3 Qg4 15.f4 Qe6
16.Qd3 Nb6 17.Rac1 Qb3 18.Nf5 Rfe8 19.e4 Bf8 20.Qg3 g6 21.d5 cxd5 22.Nxd5 Qxg3
23.Nxf6+ Kh8 24.Nxg3 Re7 25.e5 Bg7 26.Nge4 Bxf6 27.Nxf6 h5 28.Rfd1 Rxd1+
29.Rxd1 Kg7 30.Rd8 Rc7 31.Ne8+  1-0

[Event "IRL-ch"]
[Site "?"]
[Date "1993.??.??"]
[Round "7"]
[White "Brady, Stephen"]
[Black "Keogh, Eamon"]
[Result "1/2-1/2"]
[WhiteElo "2305"]
[BlackElo "2215"]

1.d4 Nf6 2.Bg5 d5 3.Bxf6 exf6 4.e3 c6 5.c4 Qb6 6.Qc2 dxc4 7.Bxc4 Bd6 8.Ne2 O-O
9.Nd2 Be6 10.O-O Qc7 11.Ng3 g6 12.Rac1 Nd7 13.Bb3 Rac8 14.Nde4 Rfe8 15.Rfd1 Bxg3
16.Nxg3 Bxb3 17.Qxb3 Qb6 18.Qc3 Qd8 19.Ne2 Nb6 20.Qa5 a6 21.Nf4 Nd5 22.Qxd8 Rcxd8
23.Nd3 f5 24.g3 Re7 25.Kg2 Kg7 26.Rc5 h5 27.h4 f6 28.Nf4 Nxf4+ 29.gxf4 Rdd7
30.Rd3 Rd5 31.Rb3  1/2-1/2

[Event "Jakarta Interzonal (Women)"]
[Site "Jakarta"]
[Date "1993.??.??"]
[Round "?"]
[White "Semenova, Lidia K"]
[Black "Foisor, Cristina Adela B"]
[Result "1/2-1/2"]
[WhiteElo "2285"]
[BlackElo "2360"]

1.d4 Nf6 2.Bg5 g6 3.Bxf6 exf6 4.e3 d5 5.Bd3 f5 6.Ne2 Nd7 7.c4 dxc4 8.Bxc4 Nb6
9.Bb3 Be6 10.Nbc3 c6 11.Nf4 Bxb3 12.Qxb3 Bd6 13.Nd3 Qe7 14.O-O O-O 15.a4 Qe6
16.Qc2 Nd5 17.Rfd1 a5 18.Nxd5 Qxd5 19.Rac1 Rfe8 20.b3 Qe4 21.g3 h5 22.Nf4 Qe7
23.Ng2 Ba3 24.Rb1 Bb4 25.h4 Qe4 26.Qc4 Bd6 27.d5 cxd5 28.Qxd5 Red8 29.Qxe4 fxe4
30.Rd5 Bb4 31.Nf4 Kf8 32.Rb5 Rac8 33.Nd5 Rc5 34.Rxc5 Bxc5 35.Nf6 Rd3 36.b4 Bxb4
37.Nxe4 b5 38.axb5 Rd5 39.b6 Rb5 40.Kf1 Rxb6 41.Ke2 Rc6 42.Rb2 Ra6 43.Ra2 Rb6
44.Kd3 Kg7 45.Rc2 Rb7 46.Rc6 Rd7+ 47.Ke2 Rb7 48.f3 Rd7 49.Rc2 Rb7 50.f4 Ra7
51.Kf3 Rd7 52.Nc5 Rd1 53.Na4 Rf1+ 54.Rf2 Rb1 55.Rb2 Rf1+ 56.Kg2 Re1 57.Kf2 Rh1
58.e4 Rd1 59.Re2 Rd3 60.Re3 Rd1 61.e5 Rb1 62.Kf3 Rf1+ 63.Kg2 Rd1 64.Kf3 Rg1
65.Kf2 Rd1 66.Ke2 Re1+ 67.Kd3 Rg1 68.Nc3 Bxc3 69.Kxc3 Kf8 70.Kc4 Ke7 71.Kb5 Ra1
72.Rc3 Ra2 73.Rc7+ Ke6 74.Rc6+ Kd7 75.Rd6+ Ke7 76.Kc4 Ra1 77.Ra6 Rc1+ 78.Kd4 Rd1+
79.Kc4 Rc1+ 80.Kd4 Rd1+ 81.Ke3 Rb1 82.Rxa5 Rb3+ 83.Kf2 Rb2+ 84.Kf3 Rb3+ 85.Kg2 Rb2+
86.Kh3 Rf2 87.Ra8 Ke6 88.Ra6+ Ke7 89.Rb6 Re2 90.Rb3 Rf2 91.Ra3 Ke6 92.Ra7 Re2
93.Ra6+ Ke7 94.f5 gxf5 95.Rh6 Rxe5 96.Rxh5 Kf6 97.Kg2 Re6  1/2-1/2

[Event "Jakarta zt"]
[Site "Jakarta"]
[Date "1993.??.??"]
[Round "4"]
[White "Rogers, Ian"]
[Black "Barus, Cerdas"]
[Result "1-0"]
[WhiteElo "2575"]
[BlackElo "2375"]

1.d4 Nf6 2.Bg5 d5 3.Bxf6 exf6 4.e3 c6 5.Bd3 Na6 6.c3 Nc7 7.Qc2 Bd6 8.Nd2 g6
9.h4 h5 10.Ne2 f5 11.Nf3 Qe7 12.g3 Bd7 13.b3 O-O-O 14.c4 c5 15.dxc5 Bxc5
16.cxd5 Kb8 17.Nf4 Bc8 18.O-O Nxd5 19.Nxd5 Rxd5 20.Bc4 Rdd8 21.Ng5 f4 22.exf4 Bf5
23.Qc1 Rd4 24.Nxf7 Rc8 25.Ne5 Rcd8 26.Re1 Qc7 27.Re2 Qb6 28.a4 a5 29.Kh2 Bb4
30.Qe3 Bc5 31.Qc3 Ka7 32.Rf1 Bb4 33.Qf3 Bc5 34.Bb5 Bb4 35.Rc1 Rd1 36.Rc6 Bg4
37.Qg2 Qd4 38.Rc7 Qb6 39.Rec2 Kb8  1-0

[Event "Jyvaskyla op"]
[Site "Jyvaskyla"]
[Date "1993.??.??"]
[Round "5"]
[White "Puranen, Jukka"]
[Black "Hammargren, Par"]
[Result "1-0"]
[WhiteElo "2335"]
[BlackElo "2225"]

1.d4 Nf6 2.Bg5 d5 3.Bxf6 exf6 4.e3 Bd6 5.c4 dxc4 6.Bxc4 O-O 7.Nc3 f5 8.Nge2 c6
9.Qc2 Qg5 10.g3 Nd7 11.h4 Qh5 12.O-O-O Nf6 13.Nf4 Bxf4 14.gxf4 Re8 15.Rdg1 Be6
16.Bd3 g6 17.Rg5 Qf3 18.Rh2 c5 19.d5 Nxd5 20.Be2 Nxe3 21.Bxf3 Nxc2 22.Kxc2 Rab8
23.a4 b6 24.Rg1 Red8 25.h5 Rd4 26.Rh4 Rbd8 27.Rd1 Rxd1 28.Bxd1 Rd4 29.hxg6 hxg6
30.Kc1 Bc4 31.b3 Be6 32.Ne2 Rb4 33.Rh3 c4 34.bxc4 Bxc4 35.Nc3 Be6 36.Rf3 Kg7
37.Be2 Bb3 38.Bb5 a6 39.Bxa6 Bxa4 40.Nd5 Rb3 41.Rxb3 Bxb3 42.Nxb6 f6 43.Bc4 Bxc4
44.Nxc4 g5 45.Kd2 Kf7 46.Ke3 Ke6 47.Kd4 gxf4 48.f3 Ke7 49.Kd5 Kf7 50.Nd6+ Kg6
51.Ke6 Kh5 52.Kxf5  1-0

[Event "Katowice op"]
[Site "Katowice"]
[Date "1993.??.??"]
[Round "2"]
[White "Voloshin, Leonid"]
[Black "Mulet, Piotr"]
[Result "0-1"]
[WhiteElo "2420"]
[BlackElo "2260"]

1.d4 Nf6 2.Bg5 g6 3.Bxf6 exf6 4.e3 Bg7 5.c4 O-O 6.Nc3 d6 7.g3 c6 8.Bg2 h5
9.Nge2 Re8 10.Qd2 a5 11.O-O Nd7 12.Rfd1 f5 13.Rac1 Nf6 14.Qc2 h4 15.c5 d5
16.Na4 Bh6 17.Nb6 Rb8 18.Qd2 Ng4 19.Nf4 hxg3 20.hxg3 Qf6 21.f3 Nxe3 22.Re1 Bg7
23.Rcd1 Qe7 24.Qxa5 Nxd1 25.Rxe7 Rxe7 26.Qa7 Bxd4+ 27.Kh2 Be5 28.Nfxd5 cxd5
29.f4 Be6 30.fxe5 Rbe8 31.Bxd5 Ne3 32.Bxe6 Ng4+ 33.Kg2 Rxe6 34.Nc4 R8e7 35.Qa8+ Kg7
36.Qd8 Nxe5 37.Qd4 Rd7 38.Qc3 Rd3 39.Qc1 Nxc4 40.Qxc4 Re2+ 41.Kg1 Rd1+  0-1

[Event "Katowice op"]
[Site "Katowice"]
[Date "1993.??.??"]
[Round "2"]
[White "Meduna, Eduard"]
[Black "Koswin, B."]
[Result "1-0"]
[WhiteElo "2460"]
[BlackElo "2310"]

1.d4 Nf6 2.Bg5 c5 3.Bxf6 gxf6 4.c3 Qb6 5.Qc2 d5 6.e3 e5 7.Nf3 Nc6 8.Be2 Bg4
9.O-O Be7 10.dxc5 Qxc5 11.b4 Qb6 12.Nh4 Be6 13.Nf5 Kf8 14.Nd2 e4 15.Nxe7 Kxe7
16.c4 f5 17.b5 Na5 18.c5 Rhc8 19.Rfc1 Qd8 20.Qa4 Kf8 21.Qd4 Kg8 22.Nf1 Qf8
23.Ng3 Qg7 24.Qb4 b6 25.c6 Qe5 26.Nh5 Rc7 27.Rd1 Rd8 28.Rd4 a6 29.a4 axb5
30.axb5 Ra8 31.Rad1 h6 32.g3 Kh7 33.R1d2 Rd8 34.Nf4 Rd6 35.Bd1 Rd8 36.Bb3 Nxb3
37.Qxb3 Ra8 38.Qb4 Rd8 39.Ra2 Rd6 40.Ra6 Rd8  1-0

[Event "Katowice op"]
[Site "Katowice"]
[Date "1993.??.??"]
[Round "8"]
[White "Nesterov, Jakov"]
[Black "Dabek, Roman"]
[Result "1-0"]
[WhiteElo "2445"]
[BlackElo "2370"]

1.d4 Nf6 2.Bg5 d5 3.Bxf6 gxf6 4.c4 dxc4 5.e3 c5 6.Bxc4 cxd4 7.exd4 Nc6 8.Ne2 e6
9.Nbc3 Bd6 10.d5 Ne5 11.Bb5+ Ke7 12.O-O Rg8 13.Ng3 a6 14.Ba4 b5 15.Bb3 Bb7
16.Qh5 Rg5 17.Qh3 Nd3 18.Qxh7 Nf4 19.dxe6 Qg8 20.Qxg8 Raxg8 21.exf7 Rh8 22.Rfe1+ Be5
23.Nce4 Rg4 24.Rad1 Ne6 25.Bxe6 Rxe4 26.Nxe4  1-0

[Event "Kladovo zt"]
[Site "Kladovo"]
[Date "1993.??.??"]
[Round "7"]
[White "Kosic, Dragan"]
[Black "Abramovic, Bosko"]
[Result "1/2-1/2"]
[WhiteElo "2455"]
[BlackElo "2475"]

1.d4 Nf6 2.Bg5 d5 3.Bxf6 exf6 4.e3 c6 5.Nf3 Bd6 6.c4 dxc4 7.Bxc4 Nd7 8.Nc3 O-O
9.O-O f5 10.Qc2 g6 11.a3 Qe7 12.e4 fxe4 13.Nxe4 Nf6 14.Neg5 Bf5 15.Bd3 Bxd3
16.Qxd3 Rae8 17.Rfe1  1/2-1/2

[Event "La Coruna op"]
[Site "La Coruna"]
[Date "1993.??.??"]
[Round "?"]
[White "Santos, German"]
[Black "Estremera Panos, Sergio"]
[Result "0-1"]
[WhiteElo "2240"]
[BlackElo "2365"]

1.d4 Nf6 2.Bg5 d5 3.Bxf6 gxf6 4.e3 c5 5.dxc5 Qa5+ 6.Nc3 e6 7.Qd4 Bxc5 8.Qxf6 Rg8
9.O-O-O Nc6 10.Bb5 Bd7 11.Nf3 Qd8 12.Qf4 Qe7 13.g3 Bd6 14.Qa4 Rc8 15.Nd4 Kf8
16.e4 a6 17.Bxc6 bxc6 18.Qxa6 Kg7 19.Qe2 Rb8 20.exd5 cxd5 21.Rhe1 Qd8 22.Qd2 Kh8
23.Nb3 Bf8 24.Nxd5 exd5 25.Qxd5 Bh6+ 26.Kb1 Bg4 27.Qe5+ f6 28.Rxd8 fxe5 29.Rxg8+ Kxg8
30.Rxe5 Bg7 31.Rg5 Bf3 32.Nd4 Be4 33.Rg4 Bg6 34.Kc1 Rf8 35.f4 Bxd4  0-1

[Event "Las Palmas-C"]
[Site "Las Palmas"]
[Date "1993.??.??"]
[Round "7"]
[White "Morales, Julian"]
[Black "Danailov, Silvio"]
[Result "0-1"]
[WhiteElo "2220"]
[BlackElo "2440"]

1.d4 Nf6 2.Bg5 g6 3.Bxf6 exf6 4.e3 f5 5.Bd3 Bg7 6.Ne2 d6 7.Nd2 Nd7 8.c3 Nf6
9.Nf4 Qe7 10.Qb3 c6 11.O-O O-O 12.Rfe1 Ne4 13.Nf1 Re8 14.f3 Ng5 15.Qc2 Ne6
16.Qf2 Nxf4 17.exf4 Be6 18.Ne3 d5 19.g4 Qf6 20.gxf5 gxf5 21.Qg3 c5 22.Bb5 Red8
23.Rad1 Qg6 24.Re2 cxd4 25.cxd4 Kh8 26.Rg2 Rg8 27.Ba4 Qh5 28.Qg5 Qxf3 29.Rg3 Qe2
30.Qh4 Bxd4  0-1

[Event "Leeuwarden op"]
[Site "Leeuwarden"]
[Date "1993.??.??"]
[Round "4"]
[White "Hauke, Christian"]
[Black "Sepp, Olav"]
[Result "0-1"]
[WhiteElo "2235"]
[BlackElo "2380"]

1.d4 Nf6 2.Bg5 d5 3.Bxf6 exf6 4.e3 Bd6 5.Bd3 c6 6.Nd2 f5 7.Qf3 g6 8.Ne2 Nd7
9.c4 Nf6 10.Nc3 Be6 11.cxd5 Nxd5 12.O-O O-O 13.Bc4 Nf6 14.Bxe6 fxe6 15.Nc4 Bc7
16.Rad1 Ng4 17.g3 Qe7 18.e4 Rad8 19.d5 exd5 20.exd5 Nxh2 21.Kxh2 Qh4+ 22.Kg2 Qxc4
23.Rfe1 Qg4 24.Qxg4 fxg4 25.Re4 Bb6 26.Rd2 cxd5 27.Nxd5 Rf5 28.Ne7+ Kf7 29.Rde2 Rf6
30.b4 h5 31.a4 Re8 32.a5 Rxf2+ 33.Rxf2+ Bxf2 34.Kxf2 Rxe7  0-1

[Event "Leeuwarden op"]
[Site "Leeuwarden"]
[Date "1993.??.??"]
[Round "6"]
[White "Hauke, Christian"]
[Black "Van Mil, Johannes A J"]
[Result "1-0"]
[WhiteElo "2235"]
[BlackElo "2435"]

1.d4 Nf6 2.Bg5 d5 3.Bxf6 gxf6 4.c4 dxc4 5.e3 c5 6.d5 Bg7 7.Bxc4 Qb6 8.Qe2 O-O
9.Nc3 Nd7 10.f4 f5 11.Nf3 Nf6 12.Rb1 Ne4 13.Nxe4 fxe4 14.Nd2 f5 15.Qh5 Bd7
16.g4 fxg4 17.d6+ Kh8 18.dxe7 Rfe8 19.h3 gxh3 20.f5 Qf6 21.Nxe4 Qxf5 22.Qxf5 Bxf5
23.Nd6 Bg6 24.Nxe8 Rxe8 25.Rd1 Rxe7 26.Rd8+ Re8 27.Rxe8+ Bxe8 28.Rxh3 Bxb2
29.Bd3 h5 30.Be2 Kg7 31.Bxh5 Bd7 32.Rf3 Be6 33.Rf2 Be5 34.Rg2+ Kf6 35.Rc2 c4
36.a4 Ke7 37.Bf3 b6 38.Rg2 c3 39.Be4 Bb3 40.Bc2 Bc4  1-0

[Event "Leeuwarden op"]
[Site "Leeuwarden"]
[Date "1993.??.??"]
[Round "7"]
[White "Hodgson, Julian M"]
[Black "Peelen, Piet"]
[Result "0-1"]
[WhiteElo "2625"]
[BlackElo "2375"]

1.d4 Nf6 2.Bg5 c5 3.Bxf6 gxf6 4.d5 Qb6 5.Qc1 Bh6 6.e3 f5 7.g3 Bg7 8.c3 Na6
9.Nd2 Nc7 10.Bg2 Qd6 11.e4 fxe4 12.Nxe4 Qg6 13.d6 f5 14.Qg5 Qxg5 15.Nxg5 Nb5
16.O-O-O Nxd6 17.Rxd6 exd6 18.N1h3 Bh6 19.Kc2 Bxg5 20.Nxg5 Ke7 21.Bd5 Kf6
22.f4 h6 23.Nf7 Rf8 24.Nxd6 Ke7 25.Nb5 Kd8 26.Rd1 Rf6 27.Bf3 a6 28.Nd6 Rb8
29.Bh5 b5 30.Ne8 Rf8 31.Ng7 Kc7 32.Re1 Kd8 33.h3 Rb6 34.Re5 Rbf6 35.Rxc5 d6
36.Rc6 Rg8 37.Ne8 Rxe8 38.Bxe8 Bb7  0-1

[Event "Leeuwarden op"]
[Site "Leeuwarden"]
[Date "1993.??.??"]
[Round "8"]
[White "Hauke, Christian"]
[Black "Berg, Klaus"]
[Result "1/2-1/2"]
[WhiteElo "2235"]
[BlackElo "2390"]

1.d4 Nf6 2.Bg5 d5 3.e3 Ne4 4.h4 c5 5.Nd2 Qa5 6.c3 Nxd2 7.Qxd2 Nc6 8.Bf4 e6
9.Nf3 Be7 10.h5 Bd7 11.Be2 b5 12.O-O O-O 13.dxc5 Bxc5 14.b4 Nxb4 15.Ne5 Be8
16.cxb4 Bxb4 17.Qd3 f6 18.Ng4 Rd8 19.h6 g6 20.Rfc1 e5 21.Nxf6+ Rxf6 22.Bxe5 Rc6
23.Bg3 Rxc1+ 24.Rxc1 Bf7 25.a4 Re8 26.Bc7 Qxa4 27.Ba5  1/2-1/2

[Event "SWE-ch"]
[Site "Lindesberg"]
[Date "1993.??.??"]
[Round "6"]
[White "Johansson, Jan"]
[Black "Engqvist, Thomas"]
[Result "1/2-1/2"]
[WhiteElo "2395"]
[BlackElo "2420"]

1.d4 Nf6 2.Bg5 c5 3.e3 e6 4.Nf3 Be7 5.Bd3 b6 6.c4 Bb7 7.Nc3 d6 8.O-O O-O
9.Qe2 h6 10.Bxf6 Bxf6 11.Rad1 cxd4 12.exd4 Re8 13.Rfe1 Nc6 14.Qe4 g6 15.Qf4 Nxd4
16.Nxd4 e5 17.Qxh6 exd4 18.Ne4 Bg7 19.Qf4 d5 20.Ng5 Qf6 21.Qg3 Ba6 22.b3 Rac8
23.h4 dxc4 24.bxc4 Re5 25.Rxe5 Qxe5 26.Qg4 Rc7 27.h5 gxh5 28.Qxh5 Bb7 29.Qh7+ Kf8
30.Qh4 Re7 31.Qg4 Re8 32.f4 Qe3+ 33.Kh1 Kg8 34.f5 Qf2 35.Nh3 Re1+ 36.Rxe1 Qxe1+
37.Kh2 Qe3 38.Qg3 Qxg3+ 39.Kxg3 Be5+ 40.Kf2 Kf8 41.Ng5 Ke7 42.Be4 Bc8 43.g4 f6
44.Nf3 Kd6 45.Ke2 Ba6 46.Kd3 b5 47.Bd5 bxc4+ 48.Bxc4 Bb7 49.Nxd4 Bxd4 50.Kxd4 Bf3
51.g5 fxg5 52.f6 Bc6 53.Ke3  1/2-1/2

[Event "SWE-ch"]
[Site "Lindesberg"]
[Date "1993.??.??"]
[Round "10"]
[White "Johansson, Jan"]
[Black "Lyrberg, Patrik"]
[Result "0-1"]
[WhiteElo "2395"]
[BlackElo "2420"]

1.d4 Nf6 2.Bg5 d5 3.Bxf6 exf6 4.e3 c6 5.c4 dxc4 6.Bxc4 Bd6 7.Nc3 O-O 8.Nf3 f5
9.O-O Nd7 10.Qc2 Nf6 11.Rfe1 Qe7 12.Nd2 Be6 13.e4 fxe4 14.Ncxe4 Bf5 15.Bd3 Nxe4
16.Bxe4 Bxe4 17.Rxe4 Qc7 18.g3 Rfe8 19.Rae1 Qd7 20.Nf3 Bf8 21.Qb3 Rxe4 22.Rxe4 Qd5
23.Qxd5 cxd5 24.Re3 Rc8 25.Rb3 b6 26.Kg2 g6 27.Rb5 Rd8 28.Ne5 Bg7 29.f4 Kf8
30.Kf3 Bxe5 31.dxe5 Ke7 32.Ke3 Ke6 33.Kd4 Rc8 34.Rxd5 Rc2 35.Rd6+ Ke7 36.b4 Rxh2
37.Rc6 Rxa2 38.Rc7+ Ke6 39.Rc6+ Kd7 40.Rf6 Ke7 41.Rc6 h5 42.Rc8 Ra3 43.Ra8 Ke6
44.Re8+ Kd7 45.Rf8 Ke7 46.Ra8 f6 47.Ke4 fxe5 48.f5 gxf5+ 49.Kxe5 Kd7 50.Kd5 Rd3+
51.Kc4 Rxg3 52.Rxa7+ Kc6 53.Rh7 Rg4+ 54.Kc3 h4 55.Rh5 Rf4 56.Kd3 Kb5 57.Ke3 Re4+
58.Kd3 Kxb4 59.Rxf5 Rg4 60.Kc2 b5 61.Rh5 Rg2+ 62.Kb1 Rh2  0-1

[Event "Ljubljana op"]
[Site "Ljubljana"]
[Date "1993.??.??"]
[Round "?"]
[White "Podvrsnik, Marko"]
[Black "Tratar, Marko"]
[Result "0-1"]
[WhiteElo "2215"]
[BlackElo "2290"]

1.d4 Nf6 2.Bg5 d5 3.Bxf6 gxf6 4.c4 c5 5.Nc3 dxc4 6.d5 f5 7.e3 a6 8.a4 Qa5
9.Bxc4 Qb4 10.Qb3 Nd7 11.Qxb4 cxb4 12.Nd1 Nc5 13.Nf3 Bd7 14.a5 Bg7 15.Nd4 Rc8
16.b3 Bxd4 17.exd4 Ne4 18.Nb2 Rg8 19.O-O Nd6 20.Rac1 f4 21.Rfd1 Bg4 22.Re1 Bf3
23.g3 fxg3 24.fxg3 Rg5 25.Re5 Rxe5 26.dxe5 Nxc4 27.Rxc4 Rd8 28.d6 exd6 29.exd6 Rxd6
30.Rxb4 Rd2 31.Rf4 Bd5 32.Rf2 Rxf2 33.Kxf2 Bxb3 34.Ke3 Kd7 35.Kd4 Kc6 36.Kc3 Be6
37.Kb4 Kd5 38.Nd3 Kd4 39.Nf4 Bf5 40.Nh5 Ke3 41.Nf6 Kf3 42.Kc5 Kg2 43.Kb6 Kxh2
44.g4 Bd3 45.Kxb7 Kg3 46.Nd7 Kf4 47.Nc5 Be2 48.Nxa6 Kxg4 49.Nc5 h5 50.a6 Bxa6+
51.Kxa6 f5 52.Kb5 h4 53.Nd3 Kg3  0-1

[Event "Ljubljana op"]
[Site "Ljubljana"]
[Date "1993.??.??"]
[Round "?"]
[White "Soln, Primoz"]
[Black "Lejlic, Samir"]
[Result "1-0"]
[WhiteElo "2300"]
[BlackElo "2420"]

1.d4 Nf6 2.Bg5 c5 3.Bxf6 gxf6 4.dxc5 b6 5.cxb6 Qxb6 6.Qc1 Nc6 7.c4 f5 8.Nc3 Rb8
9.b3 Qa5 10.e3 Bg7 11.Ne2 Ba6 12.Qd2 d5 13.Nd4 Nxd4 14.exd4 Bh6 15.Qc2 e5
16.c5 O-O 17.Bxa6 Qxa6 18.Nxd5 Rfe8 19.Qc4 exd4+ 20.Kf1 Qe6 21.Nc7 Qxc4+
22.bxc4 Rec8 23.Nd5 Rxc5 24.Nf6+ Kg7 25.Nd7 Rbc8 26.Nxc5 Rxc5 27.Ke2 Rxc4
28.Kd3 Ra4 29.Rhb1 Kg6 30.a3 Ra6 31.Ra2 Bg7 32.Rb7 h5 33.a4 h4 34.h3 f4 35.a5 f3
36.gxf3 Rf6 37.Rxa7 Rxf3+ 38.Ke2 Rxh3 39.Rd7 Rh1 40.a6  1-0

[Event "London Lloyds"]
[Site "London"]
[Date "1993.??.??"]
[Round "9"]
[White "Houska, Miroslav"]
[Black "Sheldon, Ruth"]
[Result "1-0"]
[WhiteElo "2300"]
[BlackElo "2040"]

1.d4 Nf6 2.Bg5 g6 3.Bxf6 exf6 4.e3 Bg7 5.Bd3 O-O 6.h4 d6 7.h5 Nc6 8.hxg6 fxg6
9.Rxh7 f5 10.Rh1 Re8 11.c3 Qg5 12.Qf3 f4 13.Bc4+ Be6 14.Nh3 Qa5 15.Bxe6+ Rxe6
16.Nxf4 Nxd4 17.Qh3 Rf6 18.Na3 Re8 19.O-O-O Rxf4 20.exf4 Ne2+ 21.Kc2 Nxc3
22.Rde1 Ne2 23.Qb3+ Kf8 24.Kb1 Re4 25.Nc2 Qd2 26.f5 gxf5 27.Rd1 Qf4 28.g3 Qe5
29.f3 Nd4 30.Qc3 Nxf3 31.Qxe5 Bxe5 32.Rhf1 Nh2 33.Rxf5+  1-0

[Event "Marostica op"]
[Site "Marostica"]
[Date "1993.??.??"]
[Round "2"]
[White "Tocchioni, Doriano"]
[Black "Sedina, Elena"]
[Result "0-1"]
[WhiteElo "2235"]
[BlackElo "2255"]

1.d4 Nf6 2.Bg5 d5 3.Nf3 Ne4 4.h4 Bf5 5.Nbd2 Nxg5 6.hxg5 e6 7.Nb3 Be7 8.Qd2 Nd7
9.O-O-O c6 10.Qf4 O-O 11.g4 Bg6 12.Kb1 a5 13.Qg3 a4 14.Nc1 c5 15.Nh4 Bxg5
16.Nxg6 fxg6 17.e3 a3 18.b3 Qa5 19.f4 Be7 20.e4 Nf6 21.Qh3 Nxe4 22.Qxh7+ Kf7
23.Rh6 Bf6 24.g5 Nc3+ 25.Ka1 Nxd1 26.Qxg6+ Ke7 27.gxf6+ gxf6 28.Rh7+ Kd6
29.Rh3 Qd2 30.dxc5+ Kc6 31.Nd3 Ne3 32.Ne5+ Kxc5 33.Nd3+ Kd6  0-1

[Event "Marostica op"]
[Site "Marostica"]
[Date "1993.??.??"]
[Round "3"]
[White "Cordara, Michele"]
[Black "Efimov, Igor"]
[Result "0-1"]
[WhiteElo "2205"]
[BlackElo "2490"]

1.d4 Nf6 2.Bg5 c5 3.dxc5 Na6 4.f3 Nxc5 5.e4 e6 6.Nc3 h6 7.Bf4 d6 8.Qd2 e5
9.Be3 Qc7 10.Bc4 Be7 11.Nge2 O-O 12.Nd5 Nxd5 13.Bxd5 Kh7 14.g4 Be6 15.h4 Rac8
16.Nc3 b5 17.Nxb5 Qb8 18.c4 Bxd5 19.exd5 e4 20.Bxc5 Rxc5 21.b3 Bf6 22.Nd4 exf3
23.O-O-O Re8 24.Qd3+ Kg8 25.Qxf3 Qb5 26.Nc2 Qb7 27.g5 hxg5 28.Rhg1 Re5 29.Rd4 Qe7
30.hxg5 Bxg5+ 31.Kb1 Rc8 32.Rh1 Re8 33.Rg4 f5 34.Qh3 fxg4 35.Qh7+ Kf7 36.Qh5+ Kf6  0-1

[Event "Merida"]
[Site "Merida"]
[Date "1993.??.??"]
[Round "6"]
[White "Leitao, Rafael"]
[Black "Zapata, Alonso"]
[Result "0-1"]
[WhiteElo "2295"]
[BlackElo "2580"]

1.d4 Nf6 2.Bg5 c5 3.Bxf6 gxf6 4.d5 Qb6 5.Qc1 f5 6.g3 Bg7 7.c3 e5 8.Na3 O-O
9.Bg2 Qf6 10.Nc4 d6 11.a4 Nd7 12.e3 b6 13.Ne2 Ba6 14.b3 e4 15.O-O Bxc4 16.bxc4 Ne5
17.Nf4 Nxc4 18.Qd1 Rae8 19.Qh5 Kh8 20.Bh3 Re5 21.Qe2 Na5 22.Kh1 Bh6 23.c4 Rg8
24.Rg1 Bg5 25.Rg2 Bxf4 26.gxf4 Rxg2 27.Kxg2 Re8 28.Rg1 Rg8+ 29.Kh1 Rxg1+
30.Kxg1 Kg8 31.Kh1 Qg6 32.Bg2 Kf8 33.Bh3 h6 34.Bg2 Qg4 35.Qc2 h5 36.Bf1 h4
37.Qb2 Qg7 38.Qc1 Ke7 39.Bh3 Qg6 40.Qc3 Qh5 41.Qc2 Qf3+ 42.Bg2 Qg4 43.Bf1 h3
44.Qc1 Qh5 45.Qc2 Qh8 46.Qc1 Kd8 47.Kg1 Kc7 48.Kh1 Kd7 49.Kg1 Ke7 50.Kh1 Qh5
51.Qc2 Qg4 52.Qc1 Kf8 53.Qc2 Kg8 54.Qc1 Kh7 55.Qc2 Kg6 56.Qc1 Qh5 57.Qc2 Qh8
58.Qc1 Nb3 59.Qd1 Qb2 60.Bxh3 Qc1 61.Qf1 Qxf1+ 62.Bxf1 Nc1 63.Kg1 Na2 64.f3 Nc3
65.fxe4 fxe4 66.Kf2 Nxa4 67.Ke2 b5 68.cxb5 Nc3+ 69.Kd2 Nxd5 70.Bg2 f5 71.h3 Nf6  0-1

[Event "Merida"]
[Site "Merida"]
[Date "1993.??.??"]
[Round "8"]
[White "Leitao, Rafael"]
[Black "Van Riemsdijk, Herman C"]
[Result "1/2-1/2"]
[WhiteElo "2295"]
[BlackElo "2400"]

1.d4 Nf6 2.Bg5 g6 3.Bxf6 exf6 4.e3 Bg7 5.Bd3 b6 6.Ne2 Bb7 7.O-O Nc6 8.c3 f5
9.Nd2 O-O 10.b4 Ne7 11.c4 d6 12.Rb1 Qd7 13.Nf4 Bh6 14.Nb3 Be4 15.Qc2 Bxf4
16.exf4 d5 17.c5 Nc6 18.a3 Nd8 19.f3 Bxd3 20.Qxd3 Ne6 21.g3 Qa4 22.Nc1 a5
23.Ne2 axb4 24.axb4 Qa6 25.b5 Qa3 26.Rb3 Qa2 27.cxb6 cxb6 28.Rfb1 Rfd8 29.Rc1 Rac8
30.Rbc3 Rxc3 31.Rxc3 Re8 32.Rc2 Qb1+ 33.Kg2 Nc7 34.Nc3 Qb3 35.Rc1 Rc8 36.Rb1 Qa3
37.Qd2 Qd6 38.Ne2 Ra8 39.Nc3 Ne6 40.Kf2 Rc8 41.Ne2 Qa3 42.Rb4 Kf8 43.Qb2 Ra8
44.Qc3 Ke7 45.Rb3 Qd6 46.Rb4 Kf8 47.Rb1 Ra3 48.Rb3 Ra4 49.Rb1 Rc4 50.Qd3 Qc7
51.Rb3 Qd7 52.Kg2 h5 53.h4 Qc7 54.Kf2 Nxd4 55.Nxd4 Rxd4 56.Qxd4 Qc2+ 57.Kg1 Qxb3
58.Qxb6 Qxf3 59.Kh2 Qe2+ 60.Kh1 Qe4+ 61.Kh2 d4 62.Qd6+ Kg7 63.b6 Qe2+ 64.Kh3 Qf1+
65.Kh2 Qf2+ 66.Kh3 Qf1+ 67.Kh2 Qe2+ 68.Kh3 d3 69.b7 Qe4 70.Kh2 Qxb7 71.Qxd3 Qb6
72.Qd2 Kf8 73.Kg2 Ke7 74.Kf3 Qc6+ 75.Kf2 Qc5+ 76.Ke2 Ke6 77.Qd8 Qb5+ 78.Kf2 Qd5
79.Qe8+ Kf6 80.Qe3 Qe4 81.Qc3+ Ke6 82.Qc8+ Kd5 83.Qd7+ Kc4 84.Qxf7+ Kd3 85.Qb3+ Kd2
86.Qb2+ Qc2 87.Qxc2+ Kxc2 88.Ke2 Kc3  1/2-1/2

[Event "Mravinci"]
[Site "Mravinci"]
[Date "1993.??.??"]
[Round "?"]
[White "Rosandic, Denis"]
[Black "Rade, Miroslav"]
[Result "1/2-1/2"]
[WhiteElo "2340"]
[BlackElo "2255"]

1.d4 Nf6 2.Bg5 g6 3.Bxf6 exf6 4.e3 Bg7 5.Ne2 f5 6.g3 O-O 7.Bg2 d5 8.Qd3 c6
9.O-O Nd7 10.c4 dxc4 11.Qxc4 Nf6 12.Nbc3 Be6 13.Qc5 Nd7 14.Qa3 Bc4 15.Rfc1 Bxe2
16.Nxe2 Nf6 17.Nc3 Re8 18.Na4 Ne4 19.Qb3 Re7 20.Nc5 Nxc5 21.Rxc5 Qd6 22.Rac1 Rae8  1/2-1/2

[Event "Munich op9293"]
[Site "Munich"]
[Date "1993.??.??"]
[Round "8"]
[White "Hodgson, Julian M"]
[Black "Kotronias, Vasilios"]
[Result "1/2-1/2"]
[WhiteElo "2535"]
[BlackElo "2550"]

1.d4 Nf6 2.Bg5 c5 3.d5 Ne4 4.h4 g6 5.Qd3 Nxg5 6.Qc3 Rg8 7.hxg5 Bg7 8.Qb3 c4
9.Qa3 b5 10.Rxh7 Bb7 11.e4 Na6 12.Qf3 e6 13.Nc3 exd5 14.O-O-O Qxg5+ 15.Kb1 Nc7
16.Nxd5 Nxd5 17.exd5 O-O-O 18.Qa3 Kb8 19.Qb4 Ka8 20.Qxb5  1/2-1/2

[Event "FRA-ch (Women)"]
[Site "Nantes"]
[Date "1993.??.??"]
[Round "10"]
[White "Lebel Arias, Julia"]
[Black "Mora, Virginie"]
[Result "0-1"]
[WhiteElo "2050"]
[BlackElo "2165"]

1.d4 Nf6 2.Bg5 d5 3.Bxf6 gxf6 4.Nc3 Bf5 5.e3 c6 6.Nge2 e5 7.Ng3 Be6 8.Qd2 Nd7
9.f4 exf4 10.exf4 Bd6 11.Bd3 Nb6 12.f5 Bd7 13.O-O-O Qc7 14.Rde1+ Kd8 15.Nh5 h6
16.g3 Be7 17.Re2 Qd6 18.Rhe1 Nc8 19.Na4 b6 20.Ba6 Bf8 21.Bxc8 Kxc8 22.Qd3 Kb7
23.Qb3 Qb4 24.Nxf6 Bxf5 25.Qxb4 Bxb4 26.c3 Bd6 27.Rf2 Be6 28.Nh5 Rhg8 29.Nf4 Bd7
30.Nd3 Raf8 31.Ne5 Be8 32.b4 c5 33.Nb2 cxd4 34.cxd4 Bxb4 35.Ref1 Rg7 36.Rf6 Be7
37.R6f2 f6 38.Ned3 Bb5 39.Re1 Ba3 40.Nf4 Rc7+ 41.Kb1 Rd7 42.Re6 Rff7 43.Ng6 Rd6
44.Rxd6 Bxd6 45.Ne5 Rf8 46.Ng4 f5 47.Nxh6 f4 48.g4 Re8 49.Nf5 Ba3 50.Kc2 f3
51.Kb3 Re2 52.Nd1 Rxf2 53.Nxf2 Bc1 54.Kc2 Bf4 55.h4 Bd7 56.Kd3 Bb5+ 57.Kc3 Bd7
58.Nh1 Kc7 59.h5 Kd8 60.Kd3 Bxf5+ 61.gxf5 Ke7 62.Nf2 Kf6 63.h6 Bxh6 64.Ng4+ Kg5
65.Ne3 Kf6 66.Ng4+ Kg5 67.Ne3 Bg7 68.f6 Bxf6 69.Nxd5 f2 70.Ne3 Kf4 71.d5 Be7
72.Ke2 Bc5 73.Nd1 b5 74.Nb2 Ke5 75.Nd3+ Kxd5 76.Nf4+ Kc4 77.Ne6 Bb6 78.Nf4 a5
79.Ng6 Kc3 80.Nf4 Kb2 81.Nd5 Bd4 82.Nc7 b4 83.Nb5 Bc5 84.Nc7 Kxa2 85.Na6 Bb6
86.Nb8  0-1